000 01064nam a2200301 c 4500
003 BLK
005 20240202135011.0
008 180408b bul|||||r ||||||| ||bul||
010 _aKNG00069941000
020 _a954-9415-22-8
_bиздат.: Водолей
040 _aBLK
041 _aBUL
_cBUL
080 _aБългарска литература
_b821.163.2
_x-311.6
_z821.163.2-311.6
100 1 _aХристозов, Петър
_eпърви автор
_9251078
139 _aХристозов, Петър
_bХ 82
245 1 0 _aЖивотът на излишния човек
_bПолит. роман
_cПетър Христозов.
257 _aBGR
260 София
_bВодолей
_c2006
300 _a192 с.
_c23 см
380 _aX
500 _aПетър Христозов - псевд. на Христо Вълчев. - Офс. изд.
852 _aЦб 230337
856 4 _qpdf
_u
856 4 _qpdf
_u
942 _cKNG
_n0
_09
944 _aCR
_c11.12.2006
_k30564
_lГалина Якимова
944 _aED
_c18.07.2007
_k
999 _c65660
_d65660